000 00318nam a2200133Ia 4500
008 231129s1989||||xx |||||||||||||| ||spa||
040 _bspa
082 _aCo861.35 V152e
100 _aValencia Trejos Cesar
245 0 _aEncuentro de la palabra
260 _c1989
264 _aEdiciones Ingrama
942 _2ddc
_cBKS
999 _c13043
_d13043